=LDR 00000nam 2200000 4500 =001 INLIS000000000004031 =005 20250618104814 =035 ##$$a 0010-0625000236 =007 ta =008 250618###########################0#ind## =020 ##$$a - =082 ##$$a 378.2 =084 ##$$a 378.2 JHO k =100 #$$a Jhon Abin Goni =245 1#$$a KELUARGA SEJAHTERA DALAM HUBUNGANNYA DENGAN PEMBENTUKAN KELUARGA KECIL : $b - /$c Jhon Abin Goni =250 ##$$a cetakan pertama =260 ##$$a Sulawesi Utara :$b Badan Koordinasi Keluarga Berencana Nasional,$c 1991 =300 ##$$a 14 halaman : $b - ; $c 21 cm$e - =600 #4$$a Keluarga Berencana =856 ##$$a Perpustakaan BKKBN